00481nam a2200133Ia 4500008004100000082001500041100003100056245014200087260003900229300001600268520001100284650002800295700002400323230907s9999||||xx |||||||||||||| ||und|| a621.3bHUS aZain Hussain (00000319704) 0aCorrosion Performance of Ceramic Coatings Based on SiC and MoSi2 on Ni-Based Superalloy for Iodine Sulfur Cycle for Hydrogen Production / aUSPCAS-E, NUST,bIslamabad :c2022 axiii, 75 p. aTH-353 aMS-TEE Thesis MS Thesis a Dr. Zuhair S. Khan